[Event "Oberliga Ost A 2017 2018"]
[Site "Germany"]
[Date "2018.04.15"]
[Round "11.2"]
[White "Heinrich, Julius Tobias"]
[Black "Schunk, Thomas"]
[Result "1-0"]
[WhiteElo "2129"]
[BlackElo "2152"]
[PlyCount "127"]
[EventDate "2017.10.22"]
[EventType "team-tourn"]
[EventCountry "GER"]
[WhiteTeam "Naumburger SV"]
[BlackTeam "Leipzig SG II"]
[WhiteTeamCountry "GER"]
[BlackTeamCountry "GER"]

1. e4 c5 2. c3 b6 3. d4 Bb7 4. Bd3 g6 5. Ne2 Bg7 6. O-O e6 7. f4 c4 8. Bc2 f5
9. Nd2 b5 10. Re1 Ne7 11. exf5 gxf5 12. Ng3 O-O 13. Nf3 Nbc6 14. Nh5 Bh6 15.
Ne5 Nd5 16. Qe2 Qe8 17. g4 Nxe5 18. fxe5 Bxc1 19. Raxc1 Kh8 20. g5 Rg8 21. h4
Qf7 22. Kf2 f4 23. Be4 Nxc3 24. bxc3 Bxe4 25. Nf6 Bc6 26. Qg4 Qg6 27. Qxf4 Raf8
28. Rg1 Rg7 29. h5 Qe4 30. Qxe4 Bxe4 31. Ke3 Bd3 32. g6 d6 33. Nxh7 Rf5 34. h6
Rxh7 35. gxh7 dxe5 36. Rg7 exd4+ 37. Kxd4 Rd5+ 38. Ke3 Bxh7 39. Rxa7 Rg5 40.
Rb7 Bd3 41. Rh1 Re5+ 42. Kf4 Rf5+ 43. Kg3 Rg5+ 44. Kf2 Rf5+ 45. Ke1 Re5+ 46.
Kd1 Be2+ 47. Kc1 Bf3 48. Rb8+ Kh7 49. Rh4 Bh5 50. Kb2 Kxh6 51. Ka3 Kg5 52. Rh2
Bd1 53. Rf2 Rf5 54. Rxf5+ exf5 55. Rxb5 Kg4 56. Kb2 f4 57. Kc1 Be2 58. Kd2 Bd3
59. Ke1 Kf3 60. a4 Ke3 61. Re5+ Be4 62. a5 Kd3 63. Rxe4 Kxe4 64. a6 1-0

[Event "Oberliga Ost A 2017 2018"]
[Site "Germany"]
[Date "2018.04.15"]
[Round "11.3"]
[White "Weitzer, Steffen"]
[Black "Gering, Samuel"]
[Result "1-0"]
[WhiteElo "2236"]
[BlackElo "2087"]
[PlyCount "35"]
[EventDate "2017.10.22"]
[EventType "team-tourn"]
[EventCountry "GER"]
[WhiteTeam "Leipzig SG II"]
[BlackTeam "Naumburger SV"]
[WhiteTeamCountry "GER"]
[BlackTeamCountry "GER"]

1. e4 g6 2. h4 h5 3. d4 Bg7 4. Nc3 d6 5. Be3 a6 6. Qd2 Nd7 7. O-O-O b5 8. Nh3
Bb7 9. Ng5 c5 10. dxc5 b4 11. Na4 Qa5 12. Bc4 Ne5 13. Bb3 Nh6 14. cxd6 O-O 15.
dxe7 Rfe8 16. Nb6 Rab8 17. Qd6 Nhg4 18. Qxb8 1-0

[Event "Oberliga Ost A 2017 2018"]
[Site "Germany"]
[Date "2018.04.15"]
[Round "11.4"]
[White "Fritsch, Andreas"]
[Black "Heistermann, Till"]
[Result "0-1"]
[WhiteElo "2102"]
[BlackElo "2155"]
[PlyCount "138"]
[EventDate "2017.10.22"]
[EventType "team-tourn"]
[EventCountry "GER"]
[WhiteTeam "Naumburger SV"]
[BlackTeam "Leipzig SG II"]
[WhiteTeamCountry "GER"]
[BlackTeamCountry "GER"]

1. Nc3 d5 2. e4 dxe4 3. Nxe4 Bf5 4. Qf3 e6 5. Ne2 Nd7 6. N2g3 Bg6 7. d3 c6 8.
Bd2 Ngf6 9. O-O-O Be7 10. Kb1 Qc7 11. Qf4 Qxf4 12. Bxf4 e5 13. Bd2 O-O 14. Be2
Nd5 15. Bf3 f5 16. Nc3 N5f6 17. Rdf1 Rae8 18. Be2 Nd5 19. Bd1 Bd6 20. Re1 N7f6
21. f3 Re7 22. Nce2 Rfe8 23. a3 Bc5 24. b4 Be3 25. Kc1 a5 26. c4 Bxd2+ 27. Kxd2
Nc7 28. Kc3 axb4+ 29. axb4 Ne6 30. Ref1 f4 31. Ne4 Rd7 32. Bb3 Red8 33. Nc1
Nxe4+ 34. fxe4 c5 35. g3 b6 36. Ba4 Rd6 37. Rf2 cxb4+ 38. Kxb4 fxg3 39. hxg3
Nc5 40. Bc2 Ra8 41. Rhf1 h6 42. g4 Ne6 43. Bb3 Kh7 44. Ba4 Nf4 45. Rf3 Bf7 46.
Rxf4 exf4 47. Rxf4 Rf6 48. Rxf6 gxf6 49. Bd7 Ra1 50. Nb3 Rb1 51. Kc3 Kg6 52.
Nd2 Rd1 53. Nf3 Kg7 54. Nh4 Kf8 55. Nf5 Rh1 56. Kb4 Bg6 57. Kc3 Bxf5 58. Bxf5
Ke7 59. Kd4 Kd6 60. Bg6 Ra1 61. Bf5 Ra8 62. Kc3 Kc5 63. d4+ Kd6 64. Kb4 Ra1 65.
Kb5 Rb1+ 66. Ka6 Kc7 67. e5 Ra1+ 68. Kb5 fxe5 69. dxe5 Ra5+ 0-1

[Event "Oberliga Ost A 2017 2018"]
[Site "Germany"]
[Date "2018.04.15"]
[Round "11.5"]
[White "Roemling, Sven"]
[Black "Haertig, Jens"]
[Result "0-1"]
[WhiteElo "2154"]
[BlackElo "2140"]
[PlyCount "50"]
[EventDate "2017.10.22"]
[EventType "team-tourn"]
[EventCountry "GER"]
[WhiteTeam "Leipzig SG II"]
[BlackTeam "Naumburger SV"]
[WhiteTeamCountry "GER"]
[BlackTeamCountry "GER"]

1. Nf3 c5 2. g3 Nc6 3. Bg2 g6 4. O-O Bg7 5. c3 e5 6. e4 Nge7 7. Na3 O-O 8. Re1
d6 9. d3 b6 10. Be3 d5 11. Bg5 f6 12. exd5 Nxd5 13. Nxe5 Nxe5 14. Rxe5 Nc7 15.
Bxa8 fxg5 16. Re2 Nxa8 17. Qb3+ Kh8 18. Rae1 Qf6 19. Qd5 Bg4 20. Nb5 Bxe2 21.
Rxe2 a6 22. Nd6 Nc7 23. Qc6 Nb5 24. Nf7+ Rxf7 25. Re8+ Bf8 0-1

[Event "Oberliga Ost A 2017 2018"]
[Site "Germany"]
[Date "2018.04.15"]
[Round "11.6"]
[White "Roessler, Bernd"]
[Black "Limpert, Michael"]
[Result "1/2-1/2"]
[WhiteElo "2032"]
[BlackElo "2185"]
[PlyCount "27"]
[EventDate "2017.10.22"]
[EventType "team-tourn"]
[EventCountry "GER"]
[WhiteTeam "Naumburger SV"]
[BlackTeam "Leipzig SG II"]
[WhiteTeamCountry "GER"]
[BlackTeamCountry "GER"]

1. d4 d5 2. Bf4 Nf6 3. Nf3 Bf5 4. e3 e6 5. Bd3 Bxd3 6. Qxd3 Nbd7 7. c3 c5 8.
Nbd2 Be7 9. O-O O-O 10. h3 a6 11. Ne5 Nxe5 12. Bxe5 b5 13. Bxf6 gxf6 14. dxc5
1/2-1/2

[Event "Oberliga Ost A 2017 2018"]
[Site "Germany"]
[Date "2018.04.15"]
[Round "11.7"]
[White "Haidary, Hameedullah"]
[Black "Will, Matthias"]
[Result "1-0"]
[WhiteElo "2269"]
[BlackElo "2025"]
[PlyCount "69"]
[EventDate "2017.10.22"]
[EventType "team-tourn"]
[EventCountry "GER"]
[WhiteTeam "Leipzig SG II"]
[BlackTeam "Naumburger SV"]
[WhiteTeamCountry "GER"]
[BlackTeamCountry "GER"]

1. c4 f5 2. Nc3 Nf6 3. g3 g6 4. b3 Bg7 5. Bb2 O-O 6. Bg2 d6 7. d4 c6 8. d5 Bd7
9. Qc2 a5 10. Nh3 Na6 11. Nf4 Nc5 12. O-O Qe8 13. Nd3 Nxd3 14. Qxd3 Nh5 15. e3
c5 16. Rab1 Rb8 17. a4 g5 18. f4 gxf4 19. exf4 Bd4+ 20. Kh1 Qg6 21. Ne2 Bxb2
22. Rxb2 Nf6 23. Ng1 Rf7 24. Nf3 Ne4 25. Nh4 Qf6 26. Re2 Nc3 27. Rc2 Ne4 28.
Nxf5 Bxf5 29. Bxe4 Bh3 30. Re1 Re8 31. Rce2 Kh8 32. Bf3 Bf5 33. Qd2 Ra8 34. g4
Bd7 35. f5 1-0

[Event "Oberliga Ost A 2017 2018"]
[Site "Germany"]
[Date "2018.04.15"]
[Round "11.8"]
[White "Schlag, Andreas"]
[Black "Hentze, Markus"]
[Result "0-1"]
[WhiteElo "1840"]
[BlackElo "2149"]
[PlyCount "86"]
[EventDate "2017.10.22"]
[EventType "team-tourn"]
[EventCountry "GER"]
[WhiteTeam "Naumburger SV"]
[BlackTeam "Leipzig SG II"]
[WhiteTeamCountry "GER"]
[BlackTeamCountry "GER"]

1. e4 c5 2. Nf3 d6 3. d4 cxd4 4. Nxd4 Nf6 5. Nc3 a6 6. Be2 e5 7. Nb3 Be7 8. O-O
O-O 9. Be3 Be6 10. f3 Nbd7 11. Qe1 Qc7 12. Qf2 Rac8 13. Bd3 b5 14. Rac1 Rfd8
15. a3 d5 16. exd5 Nxd5 17. Nxd5 Bxd5 18. Rfd1 Qc6 19. Qg3 Qe6 20. Nd2 f5 21.
Qh3 g6 22. Re1 Nc5 23. Bf1 Na4 24. b4 Bf6 25. Bd3 Nb2 26. Bc5 Bg5 27. Re2 Bc4
28. Rce1 Bxd2 29. Rxd2 Nxd3 30. cxd3 Rxd3 31. Rde2 e4 32. Qh4 Rxa3 33. Rd2 Rd3
34. Rxd3 Bxd3 35. Qf4 a5 36. fxe4 Bxe4 37. Rd1 a4 38. h4 Re8 39. h5 Qa2 40. Rd2
Qa1+ 41. Kf2 Qh1 42. hxg6 Qxg2+ 43. Ke1 Bf3+ 0-1